Countries of Europa with most number of bedrooms in hotels - Statistics

General Stats
  • This quiz has been taken 62 times
  • The average score is 12 of 15
Answer Stats
Hint Answer % Correct
652,957 France
100%
976,745 Germany
98%
930,172 Spain
98%
1,091,541 Italy
93%
131,903 Netherlands
87%
420,991 Greece
85%
154,145 Portugal
83%
292,458 Austria
80%
170,640 Poland
80%
140,884 Switzerland
80%
125,623 Sweden
76%
116,170 Romania
69%
89,381 Norway
65%
141,450 Czech Republic
61%
124,148 Bulgaria
50%
No matching quizzes found
Score Distribution
Percent of People with Each Score
Percentile by Number Answered
Your Score History
You have not taken this quiz